มุมมองปกติ
มุมมองแบบ MARC
- สัตว์
รายการ Topical Term
001 - CONTROL NUMBER
- control field: 60318
003 - CONTROL NUMBER IDENTIFIER
- control field: NALT
005 - DATE AND TIME OF LATEST TRANSACTION
- control field: 20230321102524.0
008 - FIXED-LENGTH DATA ELEMENTS
- fixed length control field: 230321|| aca||babn | a|a d
040 ## - CATALOGING SOURCE
- Original cataloging agency: NALT
150 ## - HEADING--TOPICAL TERM
- Topical term or geographic name entry element: สัตว์
- General subdivision: การสอนด้วยสื่อ
